<?xml version="1.0" encoding="UTF-8"?>
<record
    xmlns:xsi="http://www.w3.org/2001/XMLSchema-instance"
    xsi:schemaLocation="http://www.loc.gov/MARC21/slim http://www.loc.gov/standards/marcxml/schema/MARC21slim.xsd"
    xmlns="http://www.loc.gov/MARC21/slim">

  <leader>02985cam a2200313   4500500</leader>
  <controlfield tag="005">20260322005919.0</controlfield>
  <datafield tag="041" ind1=" " ind2=" ">
    <subfield code="a">fre</subfield>
  </datafield>
  <datafield tag="042" ind1=" " ind2=" ">
    <subfield code="a">dc</subfield>
  </datafield>
  <datafield tag="100" ind1="1" ind2="0">
    <subfield code="a">Del&#xE8;s, Romain</subfield>
    <subfield code="e">author</subfield>
  </datafield>
  <datafield tag="245" ind1="0" ind2="0">
    <subfield code="a">La complainte parentale, banale en France, inacceptable en Su&#xE8;de</subfield>
  </datafield>
  <datafield tag="260" ind1=" " ind2=" ">
    <subfield code="c">2026.
							</subfield>
  </datafield>
  <datafield tag="500" ind1=" " ind2=" ">
    <subfield code="a">73</subfield>
  </datafield>
  <datafield tag="520" ind1=" " ind2=" ">
    <subfield code="a">La signification sociale de l&#x2019;enfance a fluctu&#xE9; au cours de l&#x2019;histoire, mais acquiert un statut central dans les soci&#xE9;t&#xE9;s modernes occidentales. Dans ces conditions culturelles particuli&#xE8;res au sein desquelles l&#x2019;enfant est &#xAB;&#xA0;pr&#xE9;cieux&#xA0;&#xBB; et au centre de tous les investissements, est-il concevable de s&#x2019;en plaindre&#xA0;? Les parents peuvent-ils dire leur insatisfaction&#xA0;? Il semble que le processus de sacralisation de l&#x2019;enfance n&#x2019;ait pas atteint uniform&#xE9;ment toutes les soci&#xE9;t&#xE9;s. Les rares donn&#xE9;es quantitatives relatives aux repr&#xE9;sentations de la parentalit&#xE9; montrent des &#xE9;carts tr&#xE8;s importants entre la France et la Su&#xE8;de au sujet du pessimisme parental. Ce r&#xE9;sultat est confirm&#xE9; par une s&#xE9;rie d&#x2019;entretiens (n&#xA0;=&#xA0;38) men&#xE9;e dans les deux pays en&#xA0;2023&#xA0;: la complainte parentale est courante en France&#xA0;; elle est absente, presque indicible, en Su&#xE8;de. Cet article montre comment des cultures de parentalit&#xE9;s contrast&#xE9;es se d&#xE9;veloppent dans les deux soci&#xE9;t&#xE9;s et tente d&#x2019;expliquer les diff&#xE9;rences observ&#xE9;es par le statut de l&#x2019;enfance et par les in&#xE9;galit&#xE9;s de genre.</subfield>
  </datafield>
  <datafield tag="520" ind1=" " ind2=" ">
    <subfield code="a">The social meaning of childhood has fluctuated throughout history, but it holds a central status in modern Western societies. Within these particular cultural contexts, where the child is considered &#x201C;precious&#x201D; and is the focus of all investments, is it still possible to express complaints about parenthood? Can parents voice their dissatisfaction? It appears, however, that the process of idealising childhood has not affected all societies uniformly. The limited quantitative data on parental perceptions reveal significant differences in parental pessimism between France and Sweden. This finding is corroborated by a series of interviews (N=38) conducted in both countries in 2023: parental complaints are common in France, whereas they are absent&#x2014;almost unspeakable&#x2014;in Sweden. This article explores how contrasting parenting cultures develop in these two societies and attempts to explain the observed differences through the status of childhood and gender inequalities.</subfield>
  </datafield>
  <datafield tag="690" ind1=" " ind2=" ">
    <subfield code="a">comparaison</subfield>
  </datafield>
  <datafield tag="690" ind1=" " ind2=" ">
    <subfield code="a">&#xE9;galit&#xE9; de genre</subfield>
  </datafield>
  <datafield tag="690" ind1=" " ind2=" ">
    <subfield code="a">enfance</subfield>
  </datafield>
  <datafield tag="690" ind1=" " ind2=" ">
    <subfield code="a">France</subfield>
  </datafield>
  <datafield tag="690" ind1=" " ind2=" ">
    <subfield code="a">parentalit&#xE9;</subfield>
  </datafield>
  <datafield tag="690" ind1=" " ind2=" ">
    <subfield code="a">Su&#xE8;de</subfield>
  </datafield>
  <datafield tag="690" ind1=" " ind2=" ">
    <subfield code="a">childhood</subfield>
  </datafield>
  <datafield tag="690" ind1=" " ind2=" ">
    <subfield code="a">comparison</subfield>
  </datafield>
  <datafield tag="690" ind1=" " ind2=" ">
    <subfield code="a">France</subfield>
  </datafield>
  <datafield tag="690" ind1=" " ind2=" ">
    <subfield code="a">gender equality</subfield>
  </datafield>
  <datafield tag="690" ind1=" " ind2=" ">
    <subfield code="a">parenthood</subfield>
  </datafield>
  <datafield tag="690" ind1=" " ind2=" ">
    <subfield code="a">Sweden</subfield>
  </datafield>
  <datafield tag="786" ind1="0" ind2=" ">
    <subfield code="n">Revue des politiques sociales et familiales | 156 | 1 | 2026-03-10 | p. 47-64 | 2431-4501</subfield>
  </datafield>
  <datafield tag="856" ind1="4" ind2="1">
    <subfield code="u">https://shs.cairn.info/revue-revue-des-politiques-sociales-et-familiales-2026-1-page-47?lang=fr&amp;redirect-ssocas=7080</subfield>
  </datafield>
  <datafield tag="999" ind1=" " ind2=" ">
    <subfield code="c">1752377</subfield>
    <subfield code="d">1752377</subfield>
  </datafield>
</record>
